[Event "Russian Championship G13 2016"]
[Site "Loo"]
[Date "2016.04.28"]
[Round "9.16"]
[White "Shumakova, Svetlana"]
[Black "Pakeeva, Namlana"]
[Result "1-0"]
[WhiteElo "1589"]
[BlackElo "1447"]
[PlyCount "149"]
[EventDate "2016.04.20"]

1. d4 Nf6 2. Nf3 c5 3. e3 cxd4 4. exd4 Qb6 5. b3 g6 6. Bb2 Bg7 7. Bd3 d6 8. O-O
O-O 9. h3 Nc6 10. c4 Nb4 11. Bc2 Nxc2 12. Qxc2 Bf5 13. Qd1 Rac8 14. Re1 Rfe8
15. Nbd2 d5 16. c5 Qd8 17. Nf1 Ne4 18. Ne3 Be6 19. Nd2 Nxd2 20. Qxd2 b6 21.
cxb6 Qxb6 22. Rac1 Qb7 23. Rxc8 Rxc8 24. Rc1 Rxc1+ 25. Qxc1 Bd7 26. Qc5 e6 27.
Qa5 Qb6 28. Qxb6 axb6 29. Ng4 Kf8 30. Ne5 Ke8 31. f4 Bxe5 32. dxe5 Kd8 33. Kf2
Kc7 34. Ke3 Kc6 35. Kd4 Kb5 36. Bc3 Ka6 37. Ke3 Kb5 38. Kd4 Ka6 39. g4 Kb5 40.
h4 Ka6 41. g5 Bb5 42. a4 Bd7 43. Bb4 Bc6 44. Bc3 Bd7 45. Kd3 Bc6 46. Kc2 Be8
47. Kb2 Kb7 48. Ka3 Kc6 49. Bd4 Kb7 50. b4 Bd7 51. b5 Be8 52. Kb4 Kc7 53. a5
bxa5+ 54. Kxa5 Bxb5 55. Kxb5 Kd7 56. Kb6 Ke8 57. Kc7 Kf8 58. Kd7 Kg8 59. Ke8
Kg7 60. Ke7 Kg8 61. Bc5 Kg7 62. Kd7 Kg8 63. Ke8 Kg7 64. Ke7 Kg8 65. Kf6 h6 66.
Ke7 hxg5 67. hxg5 Kg7 68. Kd7 Kg8 69. Ke8 Kg7 70. Ke7 Kg8 71. Kf6 d4 72. Bxd4
Kf8 73. Bc5+ Kg8 74. Bd6 Kh7 75. Kxf7 1-0

[Event "Russian Championship G13 2016"]
[Site "Loo"]
[Date "2016.04.28"]
[Round "9.17"]
[White "Plekhanova, Ekaterina"]
[Black "Ochirova, Anita"]
[Result "0-1"]
[WhiteElo "1572"]
[BlackElo "1627"]
[PlyCount "116"]
[EventDate "2016.04.20"]

1. c4 e5 2. Nc3 Nf6 3. g3 d5 4. cxd5 Nxd5 5. Bg2 Nb6 6. e3 Nc6 7. Nge2 Be6 8.
f4 Qd7 9. O-O O-O-O 10. fxe5 Nxe5 11. d4 Ng6 12. b3 h5 13. Nf4 Bg4 14. Qd3 Nxf4
15. gxf4 Bf5 16. e4 Bc5 17. exf5 Qxd4+ 18. Qxd4 Bxd4+ 19. Kh1 Bxc3 20. Rb1 Rhe8
21. Bf3 h4 22. Bh5 Re7 23. Ba3 Red7 24. Rbc1 Bf6 25. Rc2 Nd5 26. Bc5 b6 27. Bg1
Nb4 28. Re2 Rd2 29. Rfe1 Rxe2 30. Rxe2 Nd5 31. Bxf7 Nxf4 32. Re4 Nh3 33. Be3
Ng5 34. Be6+ Kb8 35. Rg4 Nxe6 36. fxe6 Re8 37. Re4 Kb7 38. Bf4 c5 39. Kg2 Kc6
40. Kf3 g5 41. Be3 Kd5 42. h3 Rxe6 43. Rxe6 Kxe6 44. Ke4 Be7 45. Bd2 b5 46. Be3
a6 47. a4 Kd6 48. Bg1 Kc6 49. Be3 c4 50. bxc4 bxc4 51. Bd4 Bd8 52. Be3 c3 53.
Kd3 Bf6 54. Kc4 g4 55. hxg4 h3 56. Bf4 c2 57. Kd3 h2 58. Kxc2 h1=Q 0-1

[Event "Russian Championship G13 2016"]
[Site "Loo"]
[Date "2016.04.28"]
[Round "9.18"]
[White "Mikhailova, Yuliya"]
[Black "Nur-Mukhametova, Alisa"]
[Result "1-0"]
[WhiteElo "1644"]
[BlackElo "1570"]
[PlyCount "101"]
[EventDate "2016.04.20"]

1. d4 Nf6 2. Nf3 g6 3. Bf4 Bg7 4. e3 d6 5. Be2 Nh5 6. Bg5 h6 7. Bh4 g5 8. Nfd2
gxh4 9. Bxh5 c5 10. c3 Nc6 11. Qf3 Rf8 12. Na3 Bd7 13. Ne4 cxd4 14. exd4 Qb6
15. Nc4 Qc7 16. Ne3 Be6 17. Qf4 Nxd4 18. O-O Nc6 19. Qxh4 Ne5 20. Rfd1 Qc6 21.
f3 d5 22. Nf2 Qb6 23. Nxd5 Bxd5 24. Rxd5 Qxb2 25. Qa4+ Nc6 26. Rad1 Rg8 27. Qf4
Bf6 28. Ng4 Qxc3 29. Nxh6 Rg7 30. Ng4 Qb2 31. Nxf6+ Qxf6 32. Qxf6 exf6 33. f4
Rd8 34. Re1+ Kf8 35. Rxd8+ Nxd8 36. Bf3 b6 37. Kf2 Ne6 38. g3 Rh7 39. h4 Nc5
40. Re3 Rh6 41. Bc6 f5 42. Re8+ Kg7 43. Bf3 Rd6 44. Re7 Rd2+ 45. Re2 Rxe2+ 46.
Kxe2 Ne4 47. Bxe4 fxe4 48. f5 Kf6 49. g4 b5 50. Ke3 Ke5 51. h5 1-0

[Event "Russian Championship G13 2016"]
[Site "Loo"]
[Date "2016.04.28"]
[Round "9.19"]
[White "Portnova, Ksenia"]
[Black "Vorobyova, Ekaterina"]
[Result "0-1"]
[WhiteElo "1504"]
[BlackElo "1625"]
[PlyCount "80"]
[EventDate "2016.04.20"]

1. d4 d5 2. Bf4 c5 3. e3 Nc6 4. c3 Nf6 5. Bd3 e6 6. Nd2 Be7 7. Ngf3 Nh5 8. Be5
f6 9. Bg3 Nxg3 10. hxg3 f5 11. Ne5 Nxe5 12. dxe5 g6 13. f4 c4 14. Bc2 Qb6 15.
Ba4+ Kf7 16. Ke2 Qxb2 17. Qc2 Qxc2 18. Bxc2 Bd7 19. Nf3 b5 20. Rab1 a5 21. Ng5+
Kg7 22. a4 b4 23. Rb2 b3 24. Bb1 h6 25. Nf3 Bxa4 26. Nd4 Bd7 27. Nxb3 Rhb8 28.
Bc2 a4 29. Ra1 axb3 30. Rxa8 Rxa8 31. Bb1 Ra1 32. Kd1 Ba3 33. Kc1 h5 34. g4
hxg4 35. g3 Bc6 36. Kd2 Bxb2 37. Ke2 Rxb1 38. Kd2 Ba3 39. Ke2 b2 40. e4 dxe4
0-1

[Event "Russian Championship G13 2016"]
[Site "Loo"]
[Date "2016.04.28"]
[Round "9.20"]
[White "Rybakova, Anastasiya"]
[Black "Deminova, Maria"]
[Result "1-0"]
[WhiteElo "1562"]
[BlackElo "1541"]
[PlyCount "105"]
[EventDate "2016.04.20"]

1. d4 Nf6 2. Nf3 e6 3. c4 d5 4. Nc3 Nbd7 5. Bg5 c6 6. e3 Qa5 7. Nd2 Bb4 8. Qc2
dxc4 9. Bxf6 Nxf6 10. Nxc4 Qc7 11. Bd3 O-O 12. O-O h6 13. Rac1 Ng4 14. g3 b5
15. Nd2 a6 16. Nce4 f5 17. Nc5 Bxc5 18. Qxc5 Bb7 19. Nf3 Rad8 20. a4 Rd5 21.
Qc2 Qf7 22. e4 Rdd8 23. h3 fxe4 24. Bxe4 Nf6 25. Bg6 Qd7 26. Ne5 Qxd4 27. Nxc6
Bxc6 28. Qxc6 Rd6 29. Qc2 Nd7 30. Rcd1 Qb6 31. Rxd6 Qxd6 32. Rd1 Qe7 33. Be4
Ne5 34. Qc3 Nc4 35. b3 Nd6 36. Qc5 Rd8 37. Bf3 Qf8 38. Qb6 Rd7 39. Bg4 Qe7 40.
Re1 Rb7 41. Bxe6+ Kh8 42. Qxa6 Ra7 43. Qb6 Rb7 44. Qe3 Ra7 45. b4 Nc4 46. Bxc4
Qxe3 47. Rxe3 bxc4 48. Rc3 Rc7 49. a5 Rc6 50. b5 Rc7 51. b6 Rc5 52. b7 Rb5 53.
a6 1-0

[Event "Russian Championship G13 2016"]
[Site "Loo"]
[Date "2016.04.28"]
[Round "9.22"]
[White "Konova, Polina"]
[Black "Zaripova, Arina"]
[Result "1/2-1/2"]
[WhiteElo "1385"]
[BlackElo "1624"]
[PlyCount "82"]
[EventDate "2016.04.20"]

1. e4 c5 2. c3 d5 3. exd5 Qxd5 4. d4 g6 5. Nf3 Bg7 6. Be3 cxd4 7. cxd4 Nf6 8.
Nc3 Qa5 9. Bc4 O-O 10. O-O a6 11. Qd2 Nbd7 12. Nd5 Qd8 13. Nf4 Nb6 14. Bb3 Nbd5
15. Rfe1 b5 16. Ne5 Bb7 17. Nxd5 Bxd5 18. Bxd5 Nxd5 19. Bh6 e6 20. Re4 Rc8 21.
g3 Nf6 22. Rh4 Nh5 23. Nf3 f5 24. Re1 Qd5 25. Bxg7 Kxg7 26. Ng5 Rfe8 27. Qa5
Rc6 28. a4 h6 29. Nh3 Rec8 30. axb5 axb5 31. Qd2 Rc2 32. Qe3 Rxb2 33. Qxe6 Qxe6
34. Rxe6 Rd8 35. Rb6 Rd7 36. Nf4 Nxf4 37. Rxf4 b4 38. d5 Rxd5 39. Rfxb4 Rxb4
40. Rxb4 Rd1+ 41. Kg2 Rd5 1/2-1/2

[Event "Russian Championship G13 2016"]
[Site "Loo"]
[Date "2016.04.28"]
[Round "9.23"]
[White "Markova, Anna"]
[Black "Vostrikova, Stanislava"]
[Result "1/2-1/2"]
[WhiteElo "1567"]
[BlackElo "1581"]
[PlyCount "97"]
[EventDate "2016.04.20"]

1. c4 f5 2. Nc3 Nf6 3. d4 g6 4. g3 Bg7 5. Bg2 O-O 6. e4 d6 7. exf5 gxf5 8. h3
c6 9. Be3 Qe8 10. Qd2 e5 11. O-O-O Qf7 12. b3 a5 13. Bh6 e4 14. Bxg7 Qxg7 15.
Nge2 Na6 16. a3 d5 17. c5 b6 18. cxb6 c5 19. Nf4 c4 20. Ncxd5 Nxd5 21. Nxd5
cxb3 22. Kb2 Bb7 23. Nf4 Rfc8 24. Rc1 a4 25. Kb1 Qf6 26. Nh5 Qxb6 27. Qg5+ Qg6
28. Qxg6+ hxg6 29. Nf4 Kf7 30. g4 Nc7 31. gxf5 gxf5 32. Rc5 Kf6 33. Rhc1 Ne6
34. Nd5+ Kf7 35. Rxc8 Rxc8 36. Rxc8 Bxc8 37. Nb6 Ba6 38. Nxa4 Nxd4 39. Kb2 Ne6
40. Nc3 Nf4 41. Bh1 Nxh3 42. Nd1 Be2 43. Nc3 Bg4 44. Nxe4 fxe4 45. Bxe4 Nxf2
46. Bd5+ Ke7 47. Kxb3 Nd3 48. Bc4 Nc5+ 49. Kb4 1/2-1/2

[Event "Russian Championship G13 2016"]
[Site "Loo"]
[Date "2016.04.28"]
[Round "9.24"]
[White "Maltseva, Ekaterina"]
[Black "Kamaeva, Dzhamilya"]
[Result "1/2-1/2"]
[WhiteElo "1520"]
[BlackElo "1491"]
[PlyCount "82"]
[EventDate "2016.04.20"]

1. e4 e5 2. Bc4 Nf6 3. d3 h6 4. Nf3 Nc6 5. O-O Be7 6. c3 O-O 7. Re1 d6 8. Nbd2
Na5 9. Bb5 a6 10. Ba4 b5 11. Bc2 c5 12. Nf1 Re8 13. Ng3 Bf8 14. d4 Qc7 15. Nh4
g6 16. d5 Bd7 17. Qf3 Bg7 18. h3 Kh7 19. Ne2 Qd8 20. Kh2 Rf8 21. g3 Rb8 22. Qg2
b4 23. cxb4 cxb4 24. f4 Qc7 25. Bd1 Qc4 26. fxe5 dxe5 27. Ng1 g5 28. b3 Qc3 29.
Bb2 Qxe1 30. Ngf3 Qxe4 31. Bc2 gxh4 32. Nxh4 Qxc2 33. Qxc2+ Kg8 34. Bxe5 Nxd5
35. Bxg7 Kxg7 36. Nf5+ Bxf5 37. Qxf5 Rbd8 38. Qg4+ Kh8 39. Qd4+ Kg8 40. Qg4+
Kh8 41. Qd4+ Kg8 1/2-1/2

[Event "Russian Championship G13 2016"]
[Site "Loo"]
[Date "2016.04.28"]
[Round "9.25"]
[White "Artamonova, Anna"]
[Black "Galushko, Karina"]
[Result "1/2-1/2"]
[WhiteElo "1514"]
[BlackElo "1404"]
[PlyCount "82"]
[EventDate "2016.04.20"]

1. d4 d5 2. c4 e6 3. Nf3 Nf6 4. e3 Be7 5. Bd3 O-O 6. O-O h6 7. Nc3 b6 8. Re1
Bb7 9. e4 dxe4 10. Nxe4 Nbd7 11. b3 c5 12. Bb2 Nxe4 13. Bxe4 Bxe4 14. Rxe4 Nf6
15. Re1 Qc7 16. h3 Rad8 17. Qc2 Rfe8 18. Rad1 Nd7 19. d5 exd5 20. Rxd5 Bf6 21.
Red1 Bxb2 22. Qxb2 Nf6 23. Rxd8 Rxd8 24. Rxd8+ Qxd8 25. Qe2 Qd7 26. Qd2 Qxd2
27. Nxd2 Kf8 28. f3 Ke7 29. Kf2 Kd6 30. Ke3 Ke5 31. f4+ Ke6 32. g4 Nd7 33. f5+
Kf6 34. Ne4+ Ke5 35. Nd2 Nf6 36. Nf3+ Kd6 37. Kf4 Ng8 38. h4 f6 39. g5 a6 40.
Ke4 b5 41. Kf4 b4 1/2-1/2

[Event "Russian Championship G13 2016"]
[Site "Loo"]
[Date "2016.04.28"]
[Round "9.26"]
[White "Gaer, Margarita"]
[Black "Shchedrova, Tatiana"]
[Result "1-0"]
[WhiteElo "1494"]
[BlackElo "1443"]
[PlyCount "65"]
[EventDate "2016.04.20"]

1. d4 d5 2. Bf4 c5 3. e3 Nc6 4. Nf3 Nf6 5. c3 Qb6 6. Qc2 Bf5 7. dxc5 Bxc2 8.
cxb6 axb6 9. Na3 Bg6 10. Nb5 Kd7 11. Be2 e6 12. O-O Nh5 13. Bc7 Ra6 14. c4 dxc4
15. Rfd1+ Kc8 16. Ne5 Bc5 17. Nxc4 Nf6 18. Bf3 Bh5 19. Bxh5 Nxh5 20. a3 Na5 21.
Nd2 Nc6 22. b4 Na7 23. Nxa7+ Rxa7 24. Be5 Be7 25. Rac1+ Kd8 26. Ne4+ Bd6 27.
Rxd6+ Ke7 28. Rc7+ Ke8 29. Rc8+ Ke7 30. Rxh8 Rxa3 31. Rhd8 Nf6 32. Bxf6+ gxf6
33. R6d7# 1-0

[Event "Russian Championship G15 2016"]
[Site "Loo"]
[Date "2016.04.28"]
[Round "9.1"]
[White "Maltsevskaya, Aleksandra"]
[Black "Bulatova, Kamaliya"]
[Result "1-0"]
[WhiteElo "2146"]
[BlackElo "1893"]
[PlyCount "85"]
[EventDate "2016.04.20"]

1. e4 c5 2. Nf3 a6 3. c4 d6 4. d4 Bg4 5. dxc5 Qa5+ 6. Nc3 Qxc5 7. Be3 Qa5 8.
Be2 Nf6 9. O-O e6 10. a3 Nbd7 11. h3 Bxf3 12. Bxf3 Rc8 13. Be2 Be7 14. b4 Qd8
15. Rc1 O-O 16. Qb3 b6 17. Rfd1 Qc7 18. Qb1 Qb7 19. Bf4 Ne5 20. Bxe5 dxe5 21.
Rd2 Nd7 22. Rcd1 Nb8 23. Na4 Bg5 24. Rd6 Nc6 25. Bf1 Be7 26. Rd7 Rc7 27. Rxc7
Qxc7 28. c5 bxc5 29. Rc1 a5 30. Nxc5 axb4 31. axb4 Qd6 32. b5 Nb8 33. b6 Qd4
34. Na6 g6 35. b7 Nxa6 36. Bxa6 Bd6 37. Rc8 Qa7 38. Qb5 Kg7 39. Qc6 Be7 40.
Rxf8 Bxf8 41. Qc7 Qxa6 42. Qxe5+ Kh6 43. b8=Q 1-0

[Event "Russian Championship G15 2016"]
[Site "Loo"]
[Date "2016.04.28"]
[Round "9.2"]
[White "Goltseva, Ekaterina"]
[Black "Vinokur, Yuliya"]
[Result "1-0"]
[WhiteElo "2137"]
[BlackElo "1963"]
[PlyCount "75"]
[EventDate "2016.04.20"]

1. Nf3 b6 2. g3 Bb7 3. Bg2 g6 4. O-O Bg7 5. d4 Nf6 6. c4 e6 7. Nc3 d5 8. Bf4
O-O 9. cxd5 Nxd5 10. Nxd5 Bxd5 11. Rc1 Nc6 12. e3 Rc8 13. Qe2 Be4 14. Rfd1 Nb4
15. g4 Nd5 16. Bg3 Qe7 17. Ne5 Bxg2 18. Nc6 Qe8 19. Kxg2 f5 20. gxf5 gxf5 21.
f4 Kh8 22. Kh1 a5 23. Qf3 Qf7 24. Bh4 Rfe8 25. Rg1 Nb4 26. Ne5 Qf8 27. Qh5 Bxe5
28. fxe5 Nd5 29. Rcf1 Qb4 30. e4 Qxd4 31. exd5 Qxd5+ 32. Rg2 Qxe5 33. Qf7 Rf8
34. Bf6+ Qxf6 35. Rg8+ Rxg8 36. Qxf6+ Rg7 37. Rg1 Rcg8 38. h4 1-0

[Event "Russian Championship G15 2016"]
[Site "Loo"]
[Date "2016.04.28"]
[Round "9.3"]
[White "Afanasieva, Alexandra"]
[Black "Miroshnik, Ekaterina"]
[Result "1-0"]
[WhiteElo "1901"]
[BlackElo "1896"]
[PlyCount "87"]
[EventDate "2016.04.20"]

1. e4 c5 2. Nf3 d6 3. d4 cxd4 4. Nxd4 Nf6 5. Nc3 a6 6. Be2 e5 7. Nb3 Be6 8. Be3
Be7 9. O-O Nbd7 10. a4 O-O 11. Qd2 Qc7 12. Rfd1 Rac8 13. f3 Nb6 14. a5 Nc4 15.
Bxc4 Bxc4 16. Kh1 Kh8 17. Bb6 Qb8 18. Bf2 Nd7 19. Rac1 Rc7 20. Be3 Be6 21. Nd5
Bxd5 22. Qxd5 Nf6 23. Qd2 Rc6 24. c3 Rd8 25. Bb6 Rd7 26. c4 h6 27. Qe2 Qc8 28.
Rc3 Bd8 29. Bxd8 Qxd8 30. Qc2 Qc8 31. Nd2 Rdc7 32. Rc1 g6 33. Nf1 Kg7 34. Ne3
Rd7 35. b4 Rcc7 36. Qb3 Qd8 37. Rd1 Rc6 38. Rcd3 Rcc7 39. Qb2 Qe7 40. Qd2 Kh7
41. Rxd6 Kg7 42. c5 Kh7 43. Nc4 Kg7 44. Nb6 1-0

[Event "Russian Championship G15 2016"]
[Site "Loo"]
[Date "2016.04.28"]
[Round "9.4"]
[White "Filippova, Darya"]
[Black "Zotova, Anastasia"]
[Result "1/2-1/2"]
[WhiteElo "1976"]
[BlackElo "1934"]
[PlyCount "88"]
[EventDate "2016.04.20"]

1. c4 c5 2. g3 Nc6 3. Bg2 g6 4. Nc3 Bg7 5. e3 e5 6. Nge2 d6 7. d3 Be6 8. O-O
Nge7 9. Nd5 O-O 10. h3 Qd7 11. Kh2 Rab8 12. Nec3 f5 13. a3 a6 14. f4 b5 15. Qe2
bxc4 16. dxc4 e4 17. Rd1 Na5 18. Nxe7+ Qxe7 19. Nd5 Qb7 20. Rb1 Nb3 21. Bd2
Bxd5 22. cxd5 Qxd5 23. Bc3 Qc6 24. Qc4+ Kh8 25. Bf1 Rb6 26. Bxg7+ Kxg7 27. Qc3+
Kh6 28. g4 fxg4 29. hxg4 g5 30. Bc4 Qb7 31. Bxb3 gxf4 32. exf4 e3 33. g5+ Kh5
34. Bd5 Qe7 35. Rf1 h6 36. Bf3+ Kg6 37. f5+ Rxf5 38. Bh5+ Kxh5 39. Rxf5 Qe4 40.
Qf6 Qh4+ 41. Kg2 Qg4+ 42. Kf1 Qc4+ 43. Ke1 Qh4+ 44. Kd1 Qh1+ 1/2-1/2

[Event "Russian Championship G15 2016"]
[Site "Loo"]
[Date "2016.04.28"]
[Round "9.5"]
[White "Shakhmatova, Kseniya"]
[Black "Budnikova, Varvara"]
[Result "0-1"]
[WhiteElo "1828"]
[BlackElo "1932"]
[PlyCount "66"]
[EventDate "2016.04.20"]

1. c4 e5 2. Nc3 Nf6 3. Nf3 Nc6 4. g3 d5 5. cxd5 Nxd5 6. d3 Nb6 7. Bg2 Be7 8.
O-O O-O 9. e3 Be6 10. Qe2 Qc8 11. Rd1 Rd8 12. b3 Bg4 13. Bb2 Qe6 14. Rac1 Rd7
15. Qf1 Qf5 16. Qe2 Rad8 17. Ne4 f6 18. a3 a5 19. Rd2 Qe6 20. Qd1 f5 21. Neg5
Qg6 22. h3 Bh5 23. Qc2 Bxg5 24. Nxg5 Qxg5 25. Bxc6 bxc6 26. Bxe5 Bf3 27. Bf4
Qh5 28. Kh2 Re8 29. Qc3 Nd5 30. Qxa5 g5 31. e4 Nxf4 32. gxf4 g4 33. Kg1 Qxh3
0-1

[Event "Russian Championship G15 2016"]
[Site "Loo"]
[Date "2016.04.28"]
[Round "9.6"]
[White "Koroleva, Evgeniya"]
[Black "Zaitseva, Lyudmila"]
[Result "1-0"]
[WhiteElo "1881"]
[BlackElo "1750"]
[PlyCount "57"]
[EventDate "2016.04.20"]

1. d4 Nf6 2. c4 e6 3. Nc3 Bb4 4. e3 c5 5. a3 Bxc3+ 6. bxc3 Qa5 7. Qc2 Nc6 8.
Bd2 d6 9. Nf3 e5 10. Bd3 O-O 11. O-O g6 12. e4 Ne8 13. Rae1 Ng7 14. h3 f6 15.
Nh2 g5 16. d5 Ne7 17. Ng4 Qc7 18. Nh6+ Kh8 19. Kh2 Ng8 20. Nf5 h5 21. g3 g4 22.
hxg4 hxg4 23. Kg2 Nxf5 24. exf5 Rf7 25. Rh1+ Rh7 26. Qd1 Rxh1 27. Rxh1+ Kg7 28.
Qxg4+ Kf8 29. Rh8 1-0

[Event "Russian Championship G15 2016"]
[Site "Loo"]
[Date "2016.04.28"]
[Round "9.7"]
[White "Pankova, Julia"]
[Black "Buchina, Polina"]
[Result "0-1"]
[WhiteElo "1861"]
[BlackElo "1711"]
[PlyCount "120"]
[EventDate "2016.04.20"]

1. e4 c5 2. Nf3 d6 3. d4 cxd4 4. Qxd4 Nc6 5. Bb5 Bd7 6. Bxc6 Bxc6 7. Nc3 e5 8.
Qd3 Nf6 9. Bg5 h6 10. Bxf6 gxf6 11. Nh4 Qb6 12. O-O-O Qxf2 13. Nf5 O-O-O 14.
Rd2 Qc5 15. Qf3 b5 16. Nd5 Bxd5 17. Rxd5 Qc6 18. Rhd1 a6 19. R1d3 Kb8 20. Qd1
Qc4 21. Nxd6 Bxd6 22. Rxd6 Rxd6 23. Rxd6 Qxa2 24. Rd8+ Rxd8 25. Qxd8+ Kb7 26.
Qe7+ Kc8 27. Qxf6 Qc4 28. Qxe5 Qf1+ 29. Kd2 Qxg2+ 30. Kd3 Qg6 31. Qc5+ Kd7 32.
Qa7+ Ke8 33. Qb8+ Ke7 34. Qc7+ Kf8 35. Qc5+ Kg7 36. Qf2 Qd6+ 37. Ke2 Qe6 38.
Qg3+ Kh7 39. Qe3 Qg4+ 40. Kd3 Qe6 41. Ke2 Qe5 42. Qf3 Qxh2+ 43. Kd3 Qd6+ 44.
Ke2 Qg6 45. Kd2 h5 46. Kd3 h4 47. Kd2 Qg5+ 48. Ke2 Kg6 49. Qf2 Qg4+ 50. Kd2
Qxe4 51. Qg1+ Kh7 52. Qg5 Qd4+ 53. Ke2 f6 54. Qh5+ Kg7 55. Qf3 Qe5+ 56. Kd2 Kh6
57. b3 Qd4+ 58. Ke2 Kg5 59. Ke1 Qf4 60. Qe2 Qe5 0-1

[Event "Russian Championship G15 2016"]
[Site "Loo"]
[Date "2016.04.28"]
[Round "9.8"]
[White "Fonyak, Marina"]
[Black "Usacheva, Glafira"]
[Result "0-1"]
[WhiteElo "1852"]
[BlackElo "1808"]
[PlyCount "140"]
[EventDate "2016.04.20"]

1. e4 c5 2. Nf3 d6 3. d4 cxd4 4. Nxd4 Nf6 5. Nc3 a6 6. Qd3 e5 7. Nf5 Bxf5 8.
exf5 Nc6 9. Bg5 Be7 10. O-O-O Nd4 11. Ne2 Nxe2+ 12. Bxe2 Qb6 13. Bxf6 gxf6 14.
Rhf1 Qc5 15. Bf3 Qc7 16. Bd5 Rf8 17. Qb3 O-O-O 18. Rd3 Kb8 19. Rc3 Qd7 20. Bc6
Qc7 21. Rc4 Ka7 22. Bd5 Qd7 23. Rb4 Rb8 24. Qe3+ b6 25. Qe4 Rfc8 26. Rc4 Rxc4
27. Bxc4 Bd8 28. Rd1 Rc8 29. Rd3 Qa4 30. Rc3 b5 31. Bd5 Qxe4 32. Bxe4 Rxc3 33.
bxc3 Kb6 34. Bd5 Kc5 35. Bxf7 d5 36. f3 Ba5 37. Kd2 Kc4 38. h4 Bxc3+ 39. Ke2
Kd4 40. g4 h6 41. Be6 Bb4 42. Bc8 a5 43. Bd7 Kc4 44. Be6 Be7 45. Ke3 Bc5+ 46.
Ke2 Kd4 47. Bf7 Be7 48. Be6 Bd6 49. c3+ Kc4 50. Kf2 Ba3 51. Kg3 Bb2 52. g5 fxg5
53. hxg5 hxg5 54. Kg4 Bxc3 55. Kxg5 Bb4 56. f6 Bf8 57. Kf5 Bd6 58. f7 Kd4 59.
Bd7 b4 60. Bc6 Bf8 61. Kg4 e4 62. fxe4 dxe4 63. Kg3 e3 64. Bb5 Kc3 65. Kf3 Kd2
66. Bc4 a4 67. Ke4 e2 68. Bxe2 Kxe2 69. Kd4 Kd2 70. Kc4 Kc2 0-1

[Event "Russian Championship G15 2016"]
[Site "Loo"]
[Date "2016.04.28"]
[Round "9.9"]
[White "Shengeliya, Anastasiya"]
[Black "Getman, Tatyana"]
[Result "1-0"]
[WhiteElo "1752"]
[BlackElo "1732"]
[PlyCount "155"]
[EventDate "2016.04.20"]

1. e4 e6 2. d4 d5 3. Nc3 Nf6 4. e5 Nfd7 5. f4 c5 6. Nf3 a6 7. Be3 cxd4 8. Nxd4
Bb4 9. Qd2 Qc7 10. a3 Bxc3 11. bxc3 Nc6 12. Bd3 Na5 13. O-O Nb6 14. Bf2 Bd7 15.
Qe3 Nbc4 16. Qg3 g6 17. Ne2 Nb2 18. Rfb1 Na4 19. Bd4 Nc6 20. Rb3 Na7 21. Qe3
Nb5 22. Rb4 Nxd4 23. cxd4 b5 24. Rb3 Rc8 25. Rc1 Qa5 26. c3 Nb6 27. Qd2 O-O 28.
g4 Nc4 29. Bxc4 bxc4 30. Rb2 Ba4 31. Rcb1 Bb3 32. Nc1 Qxa3 33. Nxb3 cxb3 34.
Rxb3 Qa5 35. Qb2 Rc4 36. Ra1 Ra4 37. Rba3 Rxa3 38. Rxa3 Qb5 39. Qxb5 axb5 40.
Kf2 h6 41. h4 Rc8 42. Ke3 Kf8 43. Kd3 Rb8 44. Kc2 b4 45. Rb3 Ra8 46. cxb4 Ra2+
47. Rb2 Ra3 48. b5 Ke7 49. b6 Ra8 50. Kb3 Kd7 51. Rc2 Rb8 52. Rc7+ Kd8 53. Rxf7
Rxb6+ 54. Kc3 Rb1 55. Rf6 Rf1 56. Rxe6 Rxf4 57. Rxg6 Ke7 58. h5 Kf7 59. Rxh6
Rxg4 60. Rd6 Rh4 61. Rxd5 Ke7 62. Rd6 Rxh5 63. Kc4 Rh1 64. Kd5 Ra1 65. Rc6 Ra5+
66. Rc5 Ra6 67. Rc7+ Kd8 68. Rc6 Ra7 69. Rd6+ Ke7 70. Rh6 Ra5+ 71. Ke4 Ra8 72.
Rh7+ Ke8 73. Kf5 Ra6 74. d5 Kd8 75. d6 Ra1 76. Ke6 Kc8 77. Rh8+ Kb7 78. d7 1-0

[Event "Russian Championship G15 2016"]
[Site "Loo"]
[Date "2016.04.28"]
[Round "9.10"]
[White "Popova, Irina"]
[Black "Levicheva, Ekaterina"]
[Result "1-0"]
[WhiteElo "1856"]
[BlackElo "1766"]
[PlyCount "61"]
[EventDate "2016.04.20"]

1. d4 Nf6 2. c4 g6 3. Nc3 Bg7 4. e4 d6 5. Be2 O-O 6. Bg5 c5 7. d5 e6 8. dxe6
fxe6 9. Qd2 Nc6 10. Nf3 Nd4 11. Nxd4 cxd4 12. Qxd4 Nxe4 13. Qxg7+ Kxg7 14. Bxd8
Nxc3 15. Be7 Rf7 16. Bxd6 Nxe2 17. Kxe2 Bd7 18. f3 Bc6 19. Rhd1 Re8 20. Be5+
Kg8 21. Rd3 Rf5 22. Re3 g5 23. b4 b5 24. c5 Rd8 25. Bd6 Kf7 26. Ra3 Rd7 27. Ra6
Bb7 28. c6 Rxd6 29. cxb7 Rd8 30. Rc1 Rb8 31. Rxa7 1-0

[Event "Russian Championship G15 2016"]
[Site "Loo"]
[Date "2016.04.28"]
[Round "9.11"]
[White "Voskresenskaya, Marta"]
[Black "Kvachko, Anastasiya"]
[Result "0-1"]
[WhiteElo "1751"]
[BlackElo "1831"]
[PlyCount "120"]
[EventDate "2016.04.20"]

1. d4 e6 2. c4 Nf6 3. Nf3 d5 4. cxd5 exd5 5. Bg5 Be7 6. Nc3 c6 7. Qc2 O-O 8. e3
h6 9. Bh4 Re8 10. Bd3 Ne4 11. Bxe7 Qxe7 12. O-O Bf5 13. Rab1 Nd7 14. Rfc1 Nxc3
15. Qxc3 Bxd3 16. Qxd3 Qe4 17. Qxe4 dxe4 18. Nd2 Nb6 19. b4 a6 20. g3 Rad8 21.
Nb3 f5 22. Nc5 Re7 23. a4 g5 24. b5 cxb5 25. axb5 a5 26. Ra1 Nd5 27. Na4 f4 28.
Ra3 Rd6 29. Nb2 b6 30. Nc4 Rc7 31. Raa1 Rf6 32. Rab1 fxe3 33. Nxe3 Nc3 34. Rxc3
Rxc3 35. Nd5 Rff3 36. Nxc3 Rxc3 37. Kf1 Rd3 38. Ke2 Rxd4 39. Ke3 Rc4 40. Rb2
Kf7 41. f3 exf3 42. Kxf3 Rb4 43. Rxb4 axb4 44. Ke4 Ke6 45. Kd4 Kd6 46. Kc4 b3
47. Kxb3 Kc5 48. Ka4 g4 49. Ka3 Kxb5 50. Kb3 Kc5 51. Kc3 b5 52. Kb3 b4 53. Kb2
Kc4 54. Kc2 b3+ 55. Kb2 Kb4 56. Kb1 Ka3 57. Ka1 b2+ 58. Kb1 Kb3 59. h4 gxh3 60.
g4 h2 0-1

[Event "Russian Championship G15 2016"]
[Site "Loo"]
[Date "2016.04.28"]
[Round "9.12"]
[White "Uskova, Taisiya"]
[Black "Yakushina, Ekaterina"]
[Result "0-1"]
[WhiteElo "1811"]
[BlackElo "1637"]
[PlyCount "104"]
[EventDate "2016.04.20"]

1. e4 e6 2. d4 d5 3. Nd2 Nf6 4. e5 Nfd7 5. Bd3 c5 6. c3 Nc6 7. Ne2 cxd4 8. cxd4
f6 9. exf6 Nxf6 10. O-O Bd6 11. Nf3 O-O 12. Bf4 Bxf4 13. Nxf4 Ng4 14. Ne2 e5
15. dxe5 Rxf3 16. gxf3 Ngxe5 17. Ng3 Nd4 18. Be2 Qh4 19. f4 Qxf4 20. f3 Bh3 21.
Rf2 Rf8 22. Qc1 Nexf3+ 23. Bxf3 Nxf3+ 24. Kh1 Qd4 25. Qc2 Qg4 26. Qd3 d4 27.
Rd1 Qf4 28. Qc4+ Kh8 29. Rxd4 Qe3 30. Qe2 Qxd4 31. Rxf3 Rd8 32. Nf1 Bxf1 33.
Qxf1 Kg8 34. Rf4 Qd5+ 35. Kg1 Qxa2 36. Qf2 Rd1+ 37. Kg2 Qd5+ 38. Kg3 Rd3+ 39.
Rf3 Rxf3+ 40. Qxf3 Qxf3+ 41. Kxf3 a5 42. Ke4 Kf7 43. Kd5 Ke7 44. Kc5 g5 45. Kb6
g4 46. Kxb7 h5 47. Ka6 h4 48. Kxa5 g3 49. hxg3 hxg3 50. b4 g2 51. b5 g1=Q 52.
Ka6 Kd7 0-1

[Event "Russian Championship G15 2016"]
[Site "Loo"]
[Date "2016.04.28"]
[Round "9.13"]
[White "Badzgaradze, Elena"]
[Black "Garmash, Aliona"]
[Result "1/2-1/2"]
[WhiteElo "1692"]
[BlackElo "1763"]
[PlyCount "82"]
[EventDate "2016.04.20"]

1. d4 Nf6 2. c4 g6 3. Nf3 Bg7 4. g3 O-O 5. Bg2 d6 6. O-O Nc6 7. Nc3 e5 8. d5
Nb8 9. e4 a5 10. Ne1 Nfd7 11. Nd3 Na6 12. f4 f5 13. exf5 gxf5 14. fxe5 Nxe5 15.
Nxe5 Bxe5 16. Bh6 Rf7 17. Qd2 Nc5 18. Bf3 Bg7 19. Bxg7 Rxg7 20. Rae1 Bd7 21.
Bg2 b6 22. Qd4 Qg5 23. Kh1 Be8 24. Ne2 Bd7 25. Nf4 Qh6 26. Kg1 Rf8 27. Re3 Rgf7
28. b3 Qg7 29. Qd2 Re7 30. Rxe7 Qxe7 31. Re1 Qf6 32. Bf3 Re8 33. Rxe8+ Bxe8 34.
Qe2 Bf7 35. Kg2 Kf8 36. Qc2 Qe5 37. Nd3 Nxd3 38. Qxd3 Bg6 39. Qd2 Kf7 40. Kf2
Kf6 41. Kg2 Kf7 1/2-1/2